Evala Bharatha: Hennodala Hadupadina Barahaguchcha (Record no. 228046)

MARC details
000 -LEADER
fixed length control field 02820nam a22002417a 4500
005 - DATE AND TIME OF LATEST TRANSACTION
control field 20250322043325.0
008 - FIXED-LENGTH DATA ELEMENTS--GENERAL INFORMATION
fixed length control field 230721b ||||| |||| 00| 0 eng d
020 ## - INTERNATIONAL STANDARD BOOK NUMBER
International Standard Book Number 9788195590322
040 ## - CATALOGING SOURCE
Transcribing agency AL
041 ## - LANGUAGE CODE
Language code of text/sound track or separate title kan
082 ## - DEWEY DECIMAL CLASSIFICATION NUMBER
Edition number 23
Classification number K894.4
Item number RUPE
100 ## - MAIN ENTRY--PERSONAL NAME
Personal name Rupa Hasana
100 ## - MAIN ENTRY--PERSONAL NAME
9 (RLIN) 206668
100 ## - MAIN ENTRY--PERSONAL NAME
9 (RLIN) 128163
Dates associated with a name ರೂಪ ಹಾಸನ
245 ## - TITLE STATEMENT
Title Evala Bharatha: Hennodala Hadupadina Barahaguchcha
Remainder of title ಇವಳ ಭಾರತ: ಹೆಣ್ಣೊಡಲ ಹಾಡು ಪಾಡಿನ ಬರಹಗುಚ್ಛ
260 ## - PUBLICATION, DISTRIBUTION, ETC.
Place of publication, distribution, etc. Channapattana
Name of publisher, distributor, etc. Pallava Prakashana
Date of publication, distribution, etc. 2023
300 ## - PHYSICAL DESCRIPTION
Extent xxi,463p,
Other physical details PB
Dimensions 21x14cm.
365 ## - TRADE PRICE
Source of price type code Kannada
Price type code BLCR-000022
Price amount 320.00
Currency code
Unit of pricing 400.00
Price note 20%
Price effective from 11-07-2023
520 ## - SUMMARY, ETC.
Summary, etc. ಇಷ್ಟರ ನಡುವೆಯೂ ಬಾಬಾ ಸಾಹೇಬ್ ಅಂಬೇಡ್ಕರ್ ಅವರ ನೇತೃತ್ವದಲ್ಲಿ ರಚನೆಯಾಗಿ, ಪ್ರಜಾಪ್ರಭುತ್ವದ ಸಾಕಾರಕ್ಕೆ ದಿಕ್ಕಾಗಿರುವ ಸಕಲ ಜೀವಪರವಾದ ನಮ್ಮ ಸಂವಿಧಾನ! ಅದೊಂದು ಭರವಸೆ, ಸಮಾಧಾನ, ಎಷ್ಟೇ ಕಷ್ಟವಾದರೂ ಅದೇ ದಾರಿ...! ಸ್ವಾತಂತ್ರ್ಯಕ್ಕಾಗಿ ನಡೆದ ಹೋರಾಟದ ಹಾದಿಯ ನಡೆ ಕಠಿಣ. ಆದರೆ ಸಂವಿಧಾನದ ಗುರಿ ಮುಟ್ಟುವ ಹಾದಿ ಕಠೋರ! ಕಷ್ಟವಾದರೂ ಹೊರಗಿನ ಶತ್ರುಗಳನ್ನು ನಿರ್ದಾಕ್ಷಿಣ್ಯವಾಗಿ ಹೊರಗೆ ಒದ್ದೋಡಿಸಬಹುದು. ಆದರೆ ಒಳಗಿನ ನಮ್ಮವರೆನಿಸಿಕೊಂಡವರೊಡನೆ?- ಆಂತರಿಕ ಹೋರಾಟ ಅತ್ಯಂತ ಯಾತನಾದಾಯಕ, ಸೂಕ್ಷ್ಮ ಮತ್ತು ಕ್ಲಿಷ್ಟಕರ. ಹೀಗೆಂದೇ ಈ ಗುರಿ ಸೇರಲು ಮತ್ತೆ ಮತ್ತೆ ರಚನಾತ್ಮಕ, ಕ್ರಿಯಾಶೀಲ ನಡೆಗಳನ್ನು ನಾವು ಕಲಿಯುತ್ತಾ ಸಾಗಬೇಕಿದೆಯಷ್ಟೇ. ಆ ಪ್ರಯತ್ನದ ಅಣುವಿನಷ್ಟು ಭಾಗವಾಗಿ, 'ಇವಳ ಭಾರತ'ದಲ್ಲಿ ನಾನೂ ಒಂದು ಪುಟ್ಟ ಕಣವಾಗಿ, ನನ್ನ ಬದುಕು 'ಇವಳ ಭಾರತ'ದಲ್ಲಿ ಕರಗಿ ಒಂದಾಗಿ ಹೋದ ಕಥೆಯ, ಹೆಣ್ಣೂಡಲ ಹಾಡು ಪಾಡಿನ ಬಿಡಿ ಬಿಡಿ ತುಣುಕುಗಳು, ಚಿತ್ರಗಳೇ 'ಇವಳ ಭಾರತ! - ರೂಪ ಹಾಸನ
650 ## - SUBJECT ADDED ENTRY--TOPICAL TERM
Topical term or geographic name entry element Kannada Prose: ಕನ್ನಡ ಗದ್ಯ
9 (RLIN) 128058
650 ## - SUBJECT ADDED ENTRY--TOPICAL TERM
Topical term or geographic name entry element Collection of Articles: ಕನ್ನಡ ಅಂಕಣ ಬರಹಗಳು
9 (RLIN) 128059
700 ## - ADDED ENTRY--PERSONAL NAME
Personal name HASANA (Rupa): ಹಾಸನ (ರೂಪ)
9 (RLIN) 128060
942 ## - ADDED ENTRY ELEMENTS (KOHA)
Source of classification or shelving scheme Dewey Decimal Classification
Koha item type Book
Holdings
Withdrawn status Lost status Source of classification or shelving scheme Damaged status Not for loan Collection code Home library Current library Date acquired Source of acquisition Cost, normal purchase price Total Checkouts Full call number Barcode Date last seen Cost, replacement price Price effective from Koha item type
    Dewey Decimal Classification     Kannada St Aloysius Library St Aloysius Library 07/19/2023 Navakarnataka Publications Pvt Ltd Mangaluru 575001 320.00   K894.4 RUPE 076579 07/21/2023 400.00 07/21/2023 Book